Research Methods : (Record no. 6341)

MARC details
000 -LEADER
fixed length control field 00660nam a22002057a 4500
005 - DATE AND TIME OF LATEST TRANSACTION
control field 20221213061528.0
008 - FIXED-LENGTH DATA ELEMENTS--GENERAL INFORMATION
fixed length control field 221213b |||||||| |||| 00| 0 eng d
020 ## - INTERNATIONAL STANDARD BOOK NUMBER
International Standard Book Number 9966411070
040 ## - CATALOGING SOURCE
Original cataloging agency KNATCOM-UNESCO
Transcribing agency KNATCOM-UNESCO
098 ## - UNESCO THESAURUS CLASSIFICATION
Call number based on UNESCO classification scheme 2.05MUG 2003
100 ## - MAIN ENTRY--PERSONAL NAME
Personal name Mugenda Olive M.
245 ## - TITLE STATEMENT
Title Research Methods :
Remainder of title Quantitative and Qualitative Approaches /
Statement of responsibility, etc. Olive M. Mugenda and Abel G. Mugenda.
250 ## - EDITION STATEMENT
Edition statement 2nd edition
260 ## - PUBLICATION, DISTRIBUTION, ETC.
Place of publication, distribution, etc. Nairobi :
Name of publisher, distributor, etc. Acts press,
Date of publication, distribution, etc. 2003.
300 ## - PHYSICAL DESCRIPTION
Extent xi.256p. :
500 ## - GENERAL NOTE
General note Include bibliographic references and Indexes
650 ## - SUBJECT ADDED ENTRY--TOPICAL TERM
Topical term or geographic name entry element Methodology
700 ## - ADDED ENTRY--PERSONAL NAME
Personal name Mugenda Abel G.
942 ## - ADDED ENTRY ELEMENTS (KOHA)
Source of classification or shelving scheme UNESCO Thesaurus
Koha item type Books
Classification part 2.05MUG
Call number prefix 2.05
Call number suffix MUG
Suppress in OPAC No
Holdings
Withdrawn status Lost status Source of classification or shelving scheme Damaged status Not for loan Collection code Home library Current library Shelving location Date acquired Total Checkouts Full call number Barcode Date last seen Copy number Price effective from Koha item type
    UNESCO Thesaurus     Non-fiction Kenya National Commission for UNESCO Kenya National Commission for UNESCO General Stacks 13/12/2022   2.05MUG 2003 RC08263 13/12/2022 c1 13/12/2022 Books